| 000 | 00830nas a2200277 4500 | ||
|---|---|---|---|
| 001 | BR0201683 | ||
| 003 | BR-BrBNA | ||
| 005 | 20231205102833.0 | ||
| 007 | ta | ||
| 008 | 230509b bl.|||p| |||| 00| 00por d | ||
| 040 |
_aBR-BrBNA _bpor _cBiblioteca Nacional de Agricultura |
||
| 041 | _a(Pt) | ||
| 072 | _aL73 | ||
| 100 | 1 | _aMoutou, F. | |
| 100 | 1 | _aSavey, M. | |
| 100 | 1 | _aCheuiche, A.J. de V. | |
| 245 | 1 | _aZoologia e encefalopatias espongiformes subagudas transmissíveis | |
| 650 | _aANIMAL SELVAGEM | ||
| 650 | _aANIMAL DOMÉSTICO | ||
| 650 | _aDOENÇA DA VACA LOUCA | ||
| 650 | _aEPIDEMIOLOGIA | ||
| 650 | _aTRANSMISSÃO DE DOENÇA | ||
| 773 | 0 |
_tHora Veterinária (Brazil) _xISSN 0101-9163 _g(Mar-Apr 2001), v. 20(120) p. 67-75 _wBR0201683 |
|
| 909 |
_a202311 _bLúcia _c55 _dLúcia Elande |
||
| 942 |
_2AGRIS _n0 _cANA |
||
| 999 |
_c169610 _d169610 |
||